UK History Picture Quiz - S - Statistics

General Stats
  • This quiz has been taken 265 times
  • The average score is 13 of 15
Answer Stats
Picture Hint Answer % Correct
Prehistoric Monument Stonehenge
98%
Playwright born in 1564 William {Shakespeare}
98%
Food item invented by an earl whilst playing cards Sandwich
97%
"Dolly", cloned in Edinburgh in 1996 Sheep
97%
Country that sent an armada to invade in 1588 Spain
97%
Creature said to have inspired Robert the Bruce Spider
95%
...and the town he was born in {Stratford} upon Avon
95%
Pre decimal coin equivalent to 5 pence Shilling
88%
Vaccine developed by Edward Jenner {Smallpox} vaccine
88%
Speech disorder of King George VI Stutter
86%
Famous WW2 fighter plane Spitfire
84%
Controversial Salman Rushdie novel published in 1988 The {Satanic} Verses
77%
Anarchic Punk band of the 1970's Sex Pistols
73%
Overseas Territory where Napoleon was exiled in 1815 Saint Helena
62%
Home of the Northern Ireland Executive built in 1830 {Stormont} Castle
46%
No matching quizzes found
Score Distribution
Percent of People with Each Score
Percentile by Number Answered
Your Score History
You have not taken this quiz